| 000 | 01669nab a22003017a 4500 | ||
|---|---|---|---|
| 005 | 20150806112125.0 | ||
| 008 | 150806b1979 ck |||||r|||| 00| 0 spa d | ||
| 040 |
_aCO-BoIAVH _cCO-BoIAVH |
||
| 041 | 0 | _aspa | |
| 044 | _ack | ||
| 110 | 1 |
_aUniversidad del Tolima _b, Grupo ecológico _936654 |
|
| 245 | 1 |
_aLagunas, Ciénagas y playones / _cEmilio Echeverri de la Roche... [et al] |
|
| 260 | 3 |
_aIbagué (Colombia): _bCentro de publicaciones Universidad del Tolima, _c1979. |
|
| 300 | _aVol.3, Nro. 27, Año 1979, Pag. 1-2. | ||
| 504 | _aIncluye bibliografía. | ||
| 505 | _aEn la ciénaga Marañal [Boyacá]: una desecación criminal. La laguna de Sonso [Valle del Cauca]: Muere por sedimentación. En la ciénaga de Martiníca [Córdoba]: los propietarios sacrifican a la comunidad. Si muere la Ciénaga de Zapatosa... Muere Barranquilla | ||
| 520 | _aEl innegable y conocido el papel de los lagos, ciénagas, pantanos y playones en la regularización del volumen de aguas de los ríos, en la estabilización del clima, en las comunicaciones, en riqueza ícita, como zoocriaderos naturales y como retenedores de sedimientos. | ||
| 650 | 6 |
_aCiénagas _zColombia _936655 |
|
| 650 | 6 |
_aEcología de ciénagas. _zColombia _936656 |
|
| 650 | 6 |
_aLagunas _zColombia _936657 |
|
| 650 | 4 |
_aPlayones _zColombia _936658 |
|
| 700 | 1 |
_aEcheverry De La Roche, Emilio _936659 |
|
| 700 | 1 |
_aGranados Díaz, Humberto _936660 |
|
| 700 | 1 |
_aRamírez Cuervo, Libardo _936661 |
|
| 700 | 1 |
_aSánchez M., Vicente A. _936662 |
|
| 773 | 0 |
_aUniversidad del Tolima _dIbagué (Colombia): Centro de publicaciones de la Universidad del Tolima, 1977. _tSOS ecológico |
|
| 942 |
_2z _cARTICULO |
||
| 999 |
_c17652 _d17652 |
||